[Event "European Rapid Championship 2021"]
[Site "Katowice"]
[Date "2021.12.19"]
[Round "9.10"]
[White "Karolczuk, Iwo"]
[Black "Paszewski, Mateusz"]
[Result "1/2-1/2"]
[WhiteElo "2007"]
[BlackElo "2202"]
[Annotator "NA"]
[PlyCount "33"]
[EventDate "2021.12.18"]
[EventType "swiss"]
[EventCountry "POL"]
[SourceTitle "playchess.com"]
[Source "ChessBase"]
[SourceQuality "1"]
[TimeControl "900+10"]

1. d4 {[%emt 0:00:02]} d5 {[%emt 0:00:07]} 2. Nf3 {[%emt 0:00:03]} Nf6 {
[%emt 0:00:05]} 3. c4 {[%emt 0:00:03]} c6 {[%emt 0:00:01]} 4. e3 {[%emt 0:00:
01]} Bf5 {[%emt 0:00:01]} 5. Bd3 {[%emt 0:00:03]} Bg6 {[%emt 0:00:20]} 6. Qc2 {
[%emt 0:00:25]} e6 {[%emt 0:00:06]} 7. Nbd2 {[%emt 0:00:02]} Nbd7 {[%emt 0:00:
22]} 8. b3 {[%emt 0:00:05]} Bd6 {[%emt 0:00:11]} 9. Bb2 {[%emt 0:00:04]} Qe7 {
[%emt 0:00:04]} 10. Bxg6 {[%emt 0:02:27]} hxg6 {[%emt 0:00:00]} 11. O-O {
[%emt 0:00:23]} Rd8 {[%emt 0:04:51]} 12. e4 {[%emt 0:00:42]} dxe4 {[%emt 0:00:
04]} 13. Nxe4 {[%emt 0:00:03]} Nxe4 {[%emt 0:00:02]} 14. Qxe4 {[%emt 0:00:02]}
Ba3 {[%emt 0:00:05]} 15. Bxa3 {[%emt 0:00:42]} Qxa3 {[%emt 0:00:01]} 16. Rfe1 {
[%emt 0:00:22]} Nf6 {[%emt 0:01:51]} 17. Qf4 {[%emt 0:01:38]} 1/2-1/2

[Event "European Rapid Championship 2021"]
[Site "Katowice"]
[Date "2021.12.19"]
[Round "9.11"]
[White "Vetoshko, Volodymyr"]
[Black "Kozak, Antoni"]
[Result "1-0"]
[WhiteElo "2483"]
[BlackElo "2356"]
[Annotator "ChessBase"]
[PlyCount "59"]
[EventDate "2021.12.18"]
[EventType "swiss"]
[EventCountry "POL"]
[SourceTitle "playchess.com"]
[Source "ChessBase"]
[SourceQuality "1"]
[TimeControl "900+10"]

1. e4 {[%emt 0:00:01]} c6 {[%emt 0:00:01]} 2. d4 {[%emt 0:00:01]} d5 {[%emt 0:
00:01]} 3. exd5 {[%emt 0:00:01]} cxd5 {[%emt 0:00:00]} 4. Bd3 {[%emt 0:00:01]}
Nc6 {[%emt 0:00:01]} 5. c3 {[%emt 0:00:00]} Qc7 {[%emt 0:00:01]} 6. h3 {
[%emt 0:00:13]} Nf6 {[%emt 0:00:06]} 7. Nf3 {[%emt 0:00:02]} g6 {[%emt 0:00:01]
} 8. O-O {[%emt 0:00:02]} Bf5 {[%emt 0:00:00]} 9. Ne5 Nxe5 10. dxe5 {[%emt 0:
00:01]} Qxe5 {[%emt 0:00:03]} 11. Bb5+ {[%emt 0:00:01]} Bd7 {[%emt 0:00:01]}
12. Bxd7+ {[%emt 0:00:04]} Nxd7 {[%emt 0:00:01]} 13. Re1 {[%emt 0:00:00]} Qd6 {
[%emt 0:00:29]} 14. c4 {[%emt 0:00:01]} Bg7 {[%emt 0:04:57]} 15. cxd5 {[%emt 0:
04:06]} O-O {[%emt 0:00:10]} 16. Nc3 {[%emt 0:00:10]} Nf6 {[%emt 0:04:13]} 17.
Qf3 {[%emt 0:00:02]} Rfd8 {[%emt 0:00:48]} 18. Bf4 {[%emt 0:00:15]} Qb4 {
[%emt 0:00:03]} 19. Be5 {[%emt 0:01:46]} Nh5 {[%emt 0:03:47]} 20. a3 {[%emt 0:
02:42]} Qxb2 {[%emt 0:01:18]} 21. Rab1 {[%emt 0:00:30]} Qxa3 {[%emt 0:00:22]}
22. Rxb7 {[%emt 0:00:21]} Rac8 {[%emt 0:01:15]} 23. Bxg7 {[%emt 0:02:43]} Nxg7
{[%emt 0:00:01]} 24. Rexe7 {[%emt 0:00:46]} Nf5 {[%emt 0:00:46]} 25. Rec7 {
[%emt 0:00:15]} a5 {[%emt 0:00:38]} 26. Qf4 {[%emt 0:03:20]} Nd6 {[%emt 0:00:
12]} 27. Nb5 {[%emt 0:00:36]} Qa1+ {[%emt 0:00:09]} 28. Kh2 {[%emt 0:00:01]}
Rxc7 {[%emt 0:00:02]} 29. Rxc7 {[%emt 0:00:04]} Nxb5 30. Qxf7+ {[%emt 0:00:02]}
1-0

[Event "European Rapid Championship 2021"]
[Site "Katowice"]
[Date "2021.12.19"]
[Round "9.11"]
[White "Kos, Pawel"]
[Black "Rozman, Monika"]
[Result "1-0"]
[WhiteElo "2199"]
[BlackElo "1998"]
[Annotator "NA"]
[PlyCount "145"]
[EventDate "2021.12.18"]
[EventType "swiss"]
[EventCountry "POL"]
[SourceTitle "playchess.com"]
[Source "ChessBase"]
[SourceQuality "1"]
[TimeControl "900+10"]

1. Nf3 {[%emt 0:00:02]} d5 {[%emt 0:00:01]} 2. d4 {[%emt 0:00:03]} Nf6 {
[%emt 0:00:02]} 3. g3 {[%emt 0:00:01]} Bf5 {[%emt 0:00:04]} 4. Bg2 {[%emt 0:00:
02]} e6 {[%emt 0:00:03]} 5. O-O {[%emt 0:00:04]} Be7 {[%emt 0:00:18]} 6. c4 {
[%emt 0:00:44]} c6 {[%emt 0:00:02]} 7. Nc3 {[%emt 0:00:28]} h6 {[%emt 0:00:01]}
8. Ne5 {[%emt 0:01:03]} O-O {[%emt 0:00:18]} 9. h3 {[%emt 0:00:19]} Nbd7 {
[%emt 0:00:20]} 10. Kh2 {[%emt 0:03:15]} Nxe5 {[%emt 0:01:31]} 11. dxe5 {
[%emt 0:00:01]} Ne4 {[%emt 0:00:02]} 12. Nxe4 {[%emt 0:01:19]} dxe4 {[%emt 0:
00:03]} 13. Qxd8 {[%emt 0:00:28]} Rfxd8 {[%emt 0:00:19]} 14. Be3 {[%emt 0:00:
05]} Bg5 {[%emt 0:01:13]} 15. Bxg5 {[%emt 0:03:19]} hxg5 {[%emt 0:00:01]} 16.
Rfd1 {[%emt 0:00:02]} Kf8 {[%emt 0:01:02]} 17. e3 {[%emt 0:01:33]} Ke7 {
[%emt 0:00:32]} 18. g4 {[%emt 0:01:30]} Bg6 {[%emt 0:00:08]} 19. Kg1 {[%emt 0:
00:10]} Rac8 {[%emt 0:02:37]} 20. Kf1 {[%emt 0:00:04]} c5 {[%emt 0:02:59]} 21.
Ke1 {[%emt 0:00:07]} a6 {[%emt 0:00:30]} 22. Bf1 {[%emt 0:00:17]} Rc7 {[%emt 0:
00:56]} 23. Rxd8 {[%emt 0:00:49]} Kxd8 {[%emt 0:00:01]} 24. Kd2 {[%emt 0:00:24]
} Rd7+ {[%emt 0:00:04]} 25. Kc3 {[%emt 0:00:02]} Kc7 {[%emt 0:00:01]} 26. Be2 {
[%emt 0:00:14]} Kc6 {[%emt 0:00:09]} 27. a4 {[%emt 0:00:21]} Kb6 {[%emt 0:00:
24]} 28. a5+ {[%emt 0:00:03]} Kc6 {[%emt 0:00:00]} 29. h4 {[%emt 0:00:16]} gxh4
{[%emt 0:00:21]} 30. Rh1 {[%emt 0:00:01]} b5 {[%emt 0:00:51]} 31. axb6 {
[%emt 0:00:02]} Kxb6 {[%emt 0:00:01]} 32. Rxh4 {[%emt 0:00:08]} Rd8 {[%emt 0:
00:00]} 33. g5 {[%emt 0:00:58]} Kc6 {[%emt 0:00:02]} 34. Kc2 {[%emt 0:00:14]}
Kb6 {[%emt 0:00:01]} 35. Rh1 {[%emt 0:00:40]} Ka5 {[%emt 0:00:06]} 36. Kc3 {
[%emt 0:00:02]} Kb6 {[%emt 0:00:01]} 37. Rh2 {[%emt 0:00:24]} Kc6 {[%emt 0:00:
15]} 38. Rh4 {[%emt 0:00:04]} Kb6 {[%emt 0:00:01]} 39. Rh1 {[%emt 0:00:06]} Kc6
{[%emt 0:00:01]} 40. Bh5 {[%emt 0:00:34]} Bxh5 {[%emt 0:02:20]} 41. Rxh5 {
[%emt 0:00:01]} Rd1 {[%emt 0:00:01]} 42. Rh4 {[%emt 0:01:21]} Rg1 {[%emt 0:00:
03]} 43. Rf4 {[%emt 0:00:02]} Rxg5 {[%emt 0:00:20]} 44. Rxf7 {[%emt 0:00:01]}
Rxe5 {[%emt 0:01:53]} 45. Rxg7 {[%emt 0:00:03]} Rf5 {[%emt 0:00:05]} 46. Ra7 {
[%emt 0:00:37]} Kb6 {[%emt 0:00:43]} 47. Rd7 {[%emt 0:00:02]} Kc6 {[%emt 0:00:
02]} 48. Rd2 {[%emt 0:00:19]} Rf8 {[%emt 0:00:40]} 49. b3 {[%emt 0:00:12]} Rf6
{[%emt 0:00:50]} 50. Ra2 {[%emt 0:00:02]} Kb6 {[%emt 0:00:01]} 51. Rd2 {
[%emt 0:00:01]} Ka5 {[%emt 0:00:17]} 52. Rd6 {[%emt 0:00:13]} Rxf2 {[%emt 0:00:
31]} 53. Rxe6 {[%emt 0:00:01]} Rf1 {[%emt 0:00:16]} 54. Rxe4 {[%emt 0:00:16]}
Rc1+ {[%emt 0:00:02]} 55. Kb2 {[%emt 0:00:04]} Rh1 {[%emt 0:00:01]} 56. Re6 {
[%emt 0:00:06]} Kb4 {[%emt 0:00:05]} 57. Rb6+ {[%emt 0:00:01]} Ka5 {[%emt 0:00:
01]} 58. Rb8 {[%emt 0:00:11]} Re1 {[%emt 0:00:01]} 59. Re8 {[%emt 0:00:30]} Kb4
{[%emt 0:00:01]} 60. Kc2 {[%emt 0:00:10]} Re2+ {[%emt 0:00:51]} 61. Kd3 {
[%emt 0:00:01]} Rb2 {[%emt 0:00:16]} 62. Rb8+ {[%emt 0:00:05]} Ka3 {[%emt 0:00:
01]} 63. e4 {[%emt 0:00:39]} a5 {[%emt 0:00:01]} 64. Rb5 {[%emt 0:00:04]} Rb1 {
[%emt 0:00:50]} 65. Rxa5+ {[%emt 0:00:07]} Kb2 {[%emt 0:00:02]} 66. Rxc5 {
[%emt 0:00:12]} Rd1+ {[%emt 0:00:01]} 67. Ke2 {[%emt 0:00:02]} Rd4 {[%emt 0:00:
15]} 68. Ke3 {[%emt 0:00:01]} Rd1 {[%emt 0:00:00]} 69. Rb5 {[%emt 0:00:02]} Kc3
{[%emt 0:00:02]} 70. e5 {[%emt 0:00:12]} Re1+ {[%emt 0:00:02]} 71. Kf4 {
[%emt 0:00:01]} Kd4 {[%emt 0:00:11]} 72. Kf5 {[%emt 0:00:03]} Rxe5+ {[%emt 0:
00:20]} 73. Rxe5 {[%emt 0:00:02]} 1-0

[Event "European Rapid Championship 2021"]
[Site "Katowice"]
[Date "2021.12.19"]
[Round "9.12"]
[White "Zakrzewski, Marek"]
[Black "Demchenko, Anton"]
[Result "1/2-1/2"]
[WhiteElo "2239"]
[BlackElo "2666"]
[Annotator "TA"]
[PlyCount "62"]
[EventDate "2021.12.18"]
[EventType "swiss"]
[EventCountry "POL"]
[SourceTitle "playchess.com"]
[Source "ChessBase"]
[SourceQuality "1"]

{[%evp 14,62,25,21,49,45,36,23,68,36,98,49,60,33,39,38,45,35,87,91,91,90,89,90,
88,41,39,28,25,12,6,0,0,0,0,0,0,0,0,0,0,0,0,0,0,0,0,0,0,0,0]} 1. e4 c5 2. Nf3
d6 3. Bb5+ Nc6 4. O-O Bd7 5. Re1 Nf6 6. c3 a6 7. Bf1 Bg4 8. d4 Bxf3 {B51:
Sicilian: Moscow Variation (3 Bb5+) without 3...Bd7.} 9. gxf3 g5 10. Be3 (10.
d5 {looks sharper.} Ne5 11. Bxg5 Rg8 12. f4 h6 13. fxe5 dxe5 14. Nd2) 10... Qc7
(10... e6 $11) 11. Nd2 {[#]} (11. b4 $5) 11... Bg7 $146 (11... e6 $14) ({
Predecessor:} 11... Nh5 12. b4 cxd4 13. cxd4 Bg7 14. Rc1 Qd8 15. d5 Ne5 16. Nb3
h6 17. Nd4 Bf6 {0-1 (67) Wang,J (2380)-Ju,W (2559) Yangzhou 2016}) 12. Kh1 ({
Don't take} 12. Bxg5 cxd4 13. cxd4 Nxd4 $14) (12. d5 $16 Ne5 13. Bxg5) 12... h6
$14 13. a4 Nh5 {[%cal Rc5d4]} 14. Nc4 Rd8 15. a5 O-O (15... Nf4 $14) 16. d5 Ne5
{[#]} 17. f4 $1 Nxf4 18. Bxf4 gxf4 {[#]} 19. Nxe5 ({Better is} 19. Qh5 $1 $16)
19... dxe5 20. Bh3 {Rg1 is the strong threat.} Rd6 $1 21. Rg1 {[%cal Oh3e6]} (
21. Qh5 {is interesting.} Rf6 22. Rg1 Qd6 23. Bf5 Kh8 24. Rab1) 21... Rg6 {
Inhibits Be6. The position is equal.} 22. Qh5 {[%cal Oh3e6] Hoping for Be6!}
Rxg1+ 23. Rxg1 {Threatening mate with Qxh6.} Kh8 $1 24. Qg4 {[%csl Gg1][%cal
Rg4g7]} Rg8 25. Qf5 Rf8 26. Qg4 $36 {[%csl Gg1][%cal Rg4g7][%mdl 2048] Black
is under pressure.} Rg8 27. Qh5 Rf8 28. Qg4 {[%csl Gg1][%cal Rg4g7]} Rg8 29.
Qh5 Rf8 30. Qg4 {[%csl Gg1][%cal Rg4g7]} Rg8 31. Qh5 Rf8 $1 {Weighted Error
Value: White=0.09 (flawless) /Black=0.07 (flawless)} 1/2-1/2

[Event "European Rapid Championship 2021"]
[Site "Katowice"]
[Date "2021.12.19"]
[Round "9.12"]
[White "Budzisz, Adrian"]
[Black "Danielyan, Vahe"]
[Result "0-1"]
[WhiteElo "1985"]
[BlackElo "2198"]
[Annotator "NA"]
[PlyCount "60"]
[EventDate "2021.12.18"]
[EventType "swiss"]
[EventCountry "POL"]
[SourceTitle "playchess.com"]
[Source "ChessBase"]
[SourceQuality "1"]
[TimeControl "900+10"]

1. e4 {[%emt 0:00:03]} c5 {[%emt 0:00:13]} 2. Nc3 {[%emt 0:00:14]} Nc6 {
[%emt 0:00:02]} 3. Bb5 {[%emt 0:00:01]} Nd4 {[%emt 0:00:01]} 4. Nge2 {[%emt 0:
00:04]} e6 {[%emt 0:00:19]} 5. Nxd4 {[%emt 0:00:05]} cxd4 {[%emt 0:00:02]} 6.
Ne2 {[%emt 0:00:01]} g6 {[%emt 0:00:41]} 7. O-O {[%emt 0:00:19]} Bg7 {[%emt 0:
00:01]} 8. f4 {[%emt 0:00:34]} Ne7 {[%emt 0:00:05]} 9. Bd3 {[%emt 0:00:19]} d6
{[%emt 0:00:08]} 10. b3 {[%emt 0:00:25]} O-O {[%emt 0:00:47]} 11. Bb2 {[%emt 0:
00:00]} Nc6 {[%emt 0:03:11]} 12. a3 {[%emt 0:00:22]} Qh4 {[%emt 0:00:41]} 13.
Ng3 {[%emt 0:01:06]} Bd7 {[%emt 0:00:29]} 14. Rf2 {[%emt 0:01:11]} e5 {[%emt 0:
00:48]} 15. f5 {[%emt 0:00:15]} Bh6 {[%emt 0:00:02]} 16. Qf3 {[%emt 0:00:33]}
Ne7 {[%emt 0:01:06]} 17. Re1 {[%emt 0:04:52]} Kh8 {[%emt 0:00:44]} 18. a4 {
[%emt 0:00:25]} gxf5 {[%emt 0:03:06]} 19. Nxf5 {[%emt 0:00:03]} Nxf5 {[%emt 0:
00:09]} 20. exf5 {[%emt 0:00:02]} Bc6 {[%emt 0:01:16]} 21. Be4 {[%emt 0:00:01]}
Rg8 {[%emt 0:00:51]} 22. Bxc6 {[%emt 0:02:40]} bxc6 {[%emt 0:00:04]} 23. Qxc6 {
[%emt 0:00:06]} Rac8 {[%emt 0:01:42]} 24. Qxd6 {[%emt 0:00:41]} Bf4 {[%emt 0:
00:00]} 25. Kf1 {[%emt 0:02:43]} Rgd8 {[%emt 0:02:05]} 26. Qa6 {[%emt 0:00:17]}
Bxh2 {[%emt 0:00:32]} 27. g3 {[%emt 0:01:02]} Bxg3 {[%emt 0:00:08]} 28. Re4 {
[%emt 0:00:06]} Qh1+ {[%emt 0:00:06]} 29. Ke2 {[%emt 0:00:06]} Qxe4+ {[%emt 0:
00:03]} 30. Kf1 {[%emt 0:00:00]} Rc6 {[%emt 0:00:07]} 0-1

[Event "European Rapid Championship 2021"]
[Site "Katowice"]
[Date "2021.12.19"]
[Round "9.13"]
[White "Kovalenko, Igor"]
[Black "Grabarczyk, Miroslaw"]
[Result "1/2-1/2"]
[WhiteElo "2649"]
[BlackElo "2373"]
[Annotator "ChessBase"]
[PlyCount "256"]
[EventDate "2021.12.18"]
[EventType "swiss"]
[EventCountry "POL"]
[SourceTitle "playchess.com"]
[Source "ChessBase"]
[SourceQuality "1"]
[TimeControl "900+10"]

1. d4 {[%emt 0:00:02]} d5 {[%emt 0:00:03]} 2. c4 {[%emt 0:00:02]} e6 {[%emt 0:
00:02]} 3. Nc3 {[%emt 0:00:00]} Be7 {[%emt 0:00:03]} 4. Bf4 {[%emt 0:00:03]}
Nf6 {[%emt 0:00:02]} 5. e3 {[%emt 0:00:01]} O-O {[%emt 0:00:02]} 6. a3 {
[%emt 0:00:02]} Nbd7 {[%emt 0:00:02]} 7. Nb5 {[%emt 0:00:03]} Ne8 {[%emt 0:00:
12]} 8. Nf3 {[%emt 0:00:07]} c6 {[%emt 0:00:34]} 9. Nc3 {[%emt 0:00:02]} Nef6 {
[%emt 0:00:02]} 10. h3 {[%emt 0:00:27]} c5 {[%emt 0:02:15]} 11. cxd5 {[%emt 0:
03:06]} Nxd5 {[%emt 0:00:03]} 12. Nxd5 {[%emt 0:00:01]} exd5 {[%emt 0:00:02]}
13. dxc5 {[%emt 0:00:01]} Nxc5 {[%emt 0:00:04]} 14. Rc1 {[%emt 0:00:57]} Ne6 {
[%emt 0:01:03]} 15. Be5 {[%emt 0:00:07]} Bf6 {[%emt 0:00:02]} 16. Bc3 {[%emt 0:
07:56]} Bxc3+ {[%emt 0:01:52]} 17. Rxc3 {[%emt 0:00:01]} Qb6 {[%emt 0:00:03]}
18. Rb3 {[%emt 0:01:04]} Qa5+ {[%emt 0:00:03]} 19. Rb4 {[%emt 0:00:23]} d4 {
[%emt 0:01:50]} 20. Nxd4 {[%emt 0:00:57]} Nxd4 {[%emt 0:00:59]} 21. Qxd4 {
[%emt 0:00:45]} Rd8 {[%emt 0:00:11]} 22. Qf4 {[%emt 0:00:47]} Qc5 {[%emt 0:01:
24]} 23. Rc4 {[%emt 0:00:16]} Qa5+ {[%emt 0:00:03]} 24. Rb4 {[%emt 0:00:01]}
Qc5 {[%emt 0:00:01]} 25. Bc4 {[%emt 0:00:15]} Be6 {[%emt 0:00:03]} 26. O-O {
[%emt 0:00:03]} a5 {[%emt 0:00:15]} 27. Bxe6 {[%emt 0:00:02]} axb4 {[%emt 0:00:
02]} 28. Bxf7+ {[%emt 0:00:09]} Kh8 {[%emt 0:00:02]} 29. axb4 {[%emt 0:00:02]}
Qd6 {[%emt 0:00:48]} 30. Qxd6 {[%emt 0:00:23]} Rxd6 {[%emt 0:00:01]} 31. b5 {
[%emt 0:00:01]} Rd2 {[%emt 0:00:18]} 32. b3 {[%emt 0:00:03]} g6 {[%emt 0:00:18]
} 33. e4 {[%emt 0:00:18]} Raa2 {[%emt 0:00:18]} 34. h4 {[%emt 0:00:53]} Kg7 {
[%emt 0:00:12]} 35. Bd5 {[%emt 0:00:01]} b6 {[%emt 0:00:01]} 36. g3 {[%emt 0:
00:03]} Kf6 {[%emt 0:00:11]} 37. Kg2 {[%emt 0:00:04]} Ke5 {[%emt 0:00:18]} 38.
Kf3 {[%emt 0:00:08]} h6 {[%emt 0:00:03]} 39. Bc4 {[%emt 0:00:51]} Rdc2 {
[%emt 0:00:04]} 40. Bf7 {[%emt 0:00:46]} g5 {[%emt 0:01:19]} 41. hxg5 {[%emt 0:
00:14]} hxg5 {[%emt 0:00:01]} 42. Bc4 {[%emt 0:00:03]} Rab2 {[%emt 0:00:18]}
43. Bd5 {[%emt 0:00:10]} Ra2 {[%emt 0:00:06]} 44. Bc4 {[%emt 0:00:10]} Rab2 {
[%emt 0:00:02]} 45. Bg8 {[%emt 0:00:15]} Ra2 {[%emt 0:00:18]} 46. Bd5 {[%emt 0:
00:03]} Rab2 {[%emt 0:00:01]} 47. Bc4 {[%emt 0:00:01]} Ra2 {[%emt 0:00:09]} 48.
Ke3 {[%emt 0:00:13]} Rc3+ {[%emt 0:00:02]} 49. Bd3 {[%emt 0:00:01]} g4 {
[%emt 0:00:16]} 50. f4+ {[%emt 0:00:02]} gxf3 {[%emt 0:00:01]} 51. Rxf3 {
[%emt 0:00:01]} Rxb3 {[%emt 0:00:12]} 52. Rf5+ {[%emt 0:00:09]} Ke6 {[%emt 0:
00:02]} 53. Rd5 {[%emt 0:00:05]} Rg2 {[%emt 0:00:41]} 54. Kf3 {[%emt 0:00:01]}
Rd2 {[%emt 0:00:07]} 55. Ke3 {[%emt 0:00:01]} Rg2 {[%emt 0:00:02]} 56. Kf4 {
[%emt 0:00:01]} Rf2+ {[%emt 0:00:05]} 57. Kg4 {[%emt 0:01:11]} Rc3 {[%emt 0:00:
28]} 58. Rd8 {[%emt 0:00:13]} Ke7 {[%emt 0:00:14]} 59. Rd5 {[%emt 0:00:03]} Rd2
{[%emt 0:00:09]} 60. Bc4 {[%emt 0:00:17]} Rxd5 {[%emt 0:00:12]} 61. Bxd5 {
[%emt 0:00:02]} Rc5 {[%emt 0:01:15]} 62. Bc6 {[%emt 0:00:01]} Kf6 {[%emt 0:00:
02]} 63. Kf4 {[%emt 0:00:01]} Re5 {[%emt 0:00:02]} 64. Bd5 {[%emt 0:00:13]} Rg5
{[%emt 0:00:02]} 65. g4 {[%emt 0:00:01]} Re5 {[%emt 0:00:01]} 66. Bc6 {[%emt 0:
00:17]} Rg5 {[%emt 0:00:03]} 67. Bd7 {[%emt 0:00:03]} Rc5 {[%emt 0:00:02]} 68.
Be8 {[%emt 0:00:19]} Re5 {[%emt 0:00:08]} 69. Bc6 {[%emt 0:00:18]} Rg5 {
[%emt 0:00:07]} 70. Bd7 {[%emt 0:00:54]} Rc5 {[%emt 0:00:08]} 71. Be8 {[%emt 0:
00:05]} Re5 {[%emt 0:00:03]} 72. Bc6 {[%emt 0:00:06]} Rg5 {[%emt 0:00:03]} 73.
Bd5 {[%emt 0:00:02]} Re5 {[%emt 0:00:03]} 74. Bc6 {[%emt 0:00:30]} Rg5 {
[%emt 0:00:05]} 75. Bd7 {[%emt 0:00:02]} Rc5 {[%emt 0:00:03]} 76. Ke3 {[%emt 0:
00:03]} Ke5 {[%emt 0:00:08]} 77. g5 {[%emt 0:00:02]} Rc3+ {[%emt 0:00:05]} 78.
Kf2 {[%emt 0:00:11]} Kxe4 {[%emt 0:00:16]} 79. g6 {[%emt 0:00:04]} Kf4 {
[%emt 0:00:02]} 80. Be8 {[%emt 0:00:07]} Rg3 {[%emt 0:00:11]} 81. Bf7 {[%emt 0:
00:08]} Rg5 {[%emt 0:00:07]} 82. Ke2 {[%emt 0:00:06]} Ke4 {[%emt 0:00:26]} 83.
Be8 {[%emt 0:00:10]} Ke5 {[%emt 0:00:17]} 84. Kd3 {[%emt 0:00:08]} Rg3+ {
[%emt 0:00:02]} 85. Kc4 {[%emt 0:00:04]} Rg4+ {[%emt 0:00:02]} 86. Kd3 {
[%emt 0:00:04]} Kd6 {[%emt 0:00:20]} 87. Kc3 {[%emt 0:00:16]} Kd5 {[%emt 0:00:
20]} 88. Kd3 {[%emt 0:00:12]} Rg3+ {[%emt 0:00:02]} 89. Ke2 {[%emt 0:00:02]}
Ke6 {[%emt 0:00:07]} 90. Kf2 {[%emt 0:00:08]} Rg5 {[%emt 0:00:11]} 91. Kf3 {
[%emt 0:00:07]} Kf6 {[%emt 0:00:30]} 92. Kf4 {[%emt 0:00:08]} Rf5+ {[%emt 0:00:
06]} 93. Kg4 {[%emt 0:00:13]} Re5 {[%emt 0:00:04]} 94. Bf7 {[%emt 0:00:04]}
Rxb5 {[%emt 0:00:05]} 95. Kf4 {[%emt 0:00:02]} Rg5 {[%emt 0:00:32]} 96. Ke4 {
[%emt 0:00:01]} Ke7 {[%emt 0:00:36]} 97. Kf4 {[%emt 0:00:07]} Rg1 {[%emt 0:00:
10]} 98. Ke5 {[%emt 0:00:02]} Rg5+ {[%emt 0:00:50]} 99. Kf4 {[%emt 0:00:09]}
Kf6 {[%emt 0:00:04]} 100. Ke4 {[%emt 0:00:01]} Rc5 {[%emt 0:00:12]} 101. Kd4 {
[%emt 0:00:04]} Rc8 {[%emt 0:00:09]} 102. Kd3 {[%emt 0:00:46]} b5 {[%emt 0:00:
32]} 103. Kd2 {[%emt 0:00:05]} b4 {[%emt 0:00:07]} 104. Kd3 {[%emt 0:00:01]}
Rc3+ {[%emt 0:00:04]} 105. Kd2 {[%emt 0:00:01]} Rg3 {[%emt 0:00:12]} 106. Kc2 {
[%emt 0:00:01]} Ke5 {[%emt 0:00:05]} 107. Kb2 {[%emt 0:00:00]} Kd4 {[%emt 0:00:
02]} 108. Kc2 {[%emt 0:00:09]} Kc5 {[%emt 0:00:30]} 109. Kb2 {[%emt 0:00:01]}
Kb5 {[%emt 0:00:03]} 110. Be8+ {[%emt 0:00:02]} Ka5 {[%emt 0:00:01]} 111. Bf7 {
[%emt 0:00:01]} Rg5 {[%emt 0:00:33]} 112. Kb3 {[%emt 0:00:04]} Kb5 {[%emt 0:00:
11]} 113. Be8+ {[%emt 0:00:01]} Kc5 {[%emt 0:00:02]} 114. Bf7 {[%emt 0:00:01]}
Rg3+ {[%emt 0:00:04]} 115. Kb2 {[%emt 0:00:01]} Kb6 {[%emt 0:00:43]} 116. Be8 {
[%emt 0:00:14]} Ka5 {[%emt 0:00:05]} 117. Bf7 {[%emt 0:00:01]} Kb6 {[%emt 0:00:
10]} 118. Be8 {[%emt 0:00:02]} Ka5 {[%emt 0:01:47]} 119. Bf7 {[%emt 0:00:03]}
Rg1 {[%emt 0:00:03]} 120. Be8 {[%emt 0:00:07]} Rg2+ {[%emt 0:00:19]} 121. Kb3 {
[%emt 0:00:03]} Rg3+ {[%emt 0:00:02]} 122. Kb2 {[%emt 0:00:01]} b3 {[%emt 0:00:
28]} 123. Ka3 {[%emt 0:00:11]} Kb6 {[%emt 0:00:33]} 124. Bf7 {[%emt 0:00:03]}
Kc5 {[%emt 0:00:02]} 125. Bxb3 {[%emt 0:00:07]} Rxg6 {[%emt 0:00:02]} 126. Bf7
{[%emt 0:00:24]} Rg7 {[%emt 0:00:08]} 127. Be6 {[%emt 0:00:03]} Rg3+ {[%emt 0:
00:05]} 128. Kb2 {[%emt 0:00:02]} Kb4 1/2-1/2